Szczegóły MARC21

Leksykon bankowo-giełdowy /

003 -Nazwa inst., której nr kontr. jest w polu 001 [,]
    • @
    • Nazwa instytucji, której n kontrolny jest w polu 001
    • NUKAT
005 -DATA I CZAS OSTATNIEJ MODYFIKACJI [,]
    • @
    • pole kontrolne
    • 20241231112618.0
020 -Międzynarod. znormalizowany nr książki - ISBN [ , ]
    • a
    • Numer ISBN
    • 8386890509 Find
040 -Instytucja sporządzająca opis [ , ]
    • a
    • Instytucja, która sporządziła opis (NP)
    • Ł U/BM
    • c
    • Instytucja, która sporządziła rekord (NP)
    • Ł U/BM
    • d
    • Instytucja, która zmodyfikowała rekord (P)
    • Ł U/GS
    • d
    • Instytucja, która zmodyfikowała rekord (P)
    • Ł U/MSs
    • d
    • Instytucja, która zmodyfikowała rekord (P)
    • GL 001/DA
942 -Rodzaj dokumentu [ , ]
    • c
    • Rodzaj dokumentu
    • Książka
100 -Hasło główne - nazwa osobowa [1, ]
    • a
    • Nazwa osobowa (NP)
    • Krzyżkiewicz, Zbigniew
    • d
    • Daty biograficzne (NP)
    • (1923-2016).
    • 9
    • KHW
    • 62540
245 -Strefa tytułu i oznaczenia odpowiedzialności [1,0]
    • a
    • Tytuł
    • Leksykon bankowo-giełdowy / Find
    • c
    • Pozostałe elementy strefy tytułu i oznaczenia odpowiedzialności (NP)
    • Zbigniew Krzyżkiewicz, Władysław L. Jaworski, Mieczysław Puławski.
260 -Strefa adresu wydawniczego [ , ]
    • a
    • Miejsce wydania (P)
    • Warszawa :
    • b
    • Nazwa wydawcy (P)
    • "Poltext",
    • c
    • Data wydania (P)
    • 1998.
300 -Strefa opisu fizycznego [ , ]
    • a
    • Określenie formy książki i/lub objętość (NP)
    • 707 s. ;
    • c
    • Format (NP)
    • 22 cm.
336 -Typ zawartości [ , ]
    • a
    • Termin opisujący typ zawartości
    • Tekst
    • b
    • Kod określający zawartość
    • txt
    • 2
    • Źródło (terminu i kodu)
    • rdacontent
337 -Typ mediów [ , ]
    • a
    • Tryb odtwarzania
    • Bez urządzenia pośredniczącego
    • b
    • Kod typu mediów
    • n
    • 2
    • Źródło (terminu i kodu)
    • rdamedia
338 -Typ/rodzaj nośnika [ , ]
    • a
    • Hasło opisujące typ nośnika
    • Wolumin
    • b
    • Kod typu nośnika
    • nc
    • 2
    • Źródło (terminu i kodu)
    • rdacarrier
500 -Uwaga ogólna [ , ]
    • a
    • Uwaga ogólna (NP)
    • Wykaz aktów prawnych s. 674-676.
504 -Uwaga dot. bibliogr. załącznikowej [ , ]
    • a
    • Uwaga dot. bibliografii załącznikowej
    • Bibliogr. s. [671]-673.
080 -Uniwersalna Klasyfikacja Dziesiętna [ , ]
    • a
    • Symbol klasyfikacji
    • 336.71(038)
080 -Uniwersalna Klasyfikacja Dziesiętna [ , ]
    • a
    • Symbol klasyfikacji
    • +336.76(038)
650 -Hasło przedmiotowe [ ,7]
    • a
    • Hasło przedmiotowe
    • Banki
    • v
    • Określnik formalny
    • słowniki.
    • 2
    • Źródło terminu
    • kaba
    • 9
    • KHW
    • 496227
650 -Hasło przedmiotowe [ ,7]
    • a
    • Hasło przedmiotowe
    • Giełda
    • v
    • Określnik formalny
    • słowniki.
    • 2
    • Źródło terminu
    • kaba
    • 9
    • KHW
    • 380440
980 -Symbol UKD [ , ]
    • a
    • UKD
    • 336.71+336.76](038)
700 -Hasło dodatkowe - nazwa osobowa [1, ]
    • a
    • Nazwa osobowa (NP)
    • Jaworski, Władysław Leopold Find
    • d
    • Daty biograficzne (NP)
    • (1929-2017).
    • 9
    • KHW
    • 32048
700 -Hasło dodatkowe - nazwa osobowa [1, ]
    • a
    • Nazwa osobowa (NP)
    • Puławski, Mieczysław. Find
    • 9
    • KHW
    • 38233
710 -Hasło dodatkowe - nazwa ciała zbiorowego [2, ]
    • a
    • Nazwa ciała zbiorowego lub nazwa geograficzna jako pierwszy element (NP)
    • Wydawnictwo Poltext.
    • 4
    • Kod relacji
    • pbl
    • 9
    • KHW
    • 53400
920 -ISBN [ , ]
    • a
    • ISBN
    • 83-86890-50-9 Find
Lokalizacja Data inwentaryzacji Status udost. Numer inwentarzowy Sygnatura
BE1999-02-121E.65918 
BSA1998-12-151SA.9026SA.9026
T1999-02-12-2T.396T.396